Oceanografía / (Record no. 110198)

MARC details
000 -LEADER
campo de control de longitud fija 01008nam a2200289 4500
001 - NÚMERO DE CONTROL
campo de control 110198
003 - IDENTIFICADOR DE NÚMERO DE CONTROL
campo de control ES-MaACL
005 - FECHA Y HORA DE LA ÚLTIMA TRANSACCIÓN
campo de control 20230906185009.0
007 - CAMPO FIJO DE DESCRIPCIÓN FÍSICA--INFORMACIÓN GENERAL
campo de control de longitud fija t|
008 - DATOS DE LONGITUD FIJA--INFORMACIÓN GENERAL
campo de control de longitud fija 061121s1978 sp r ||||1| spa d
020 ## - NÚMERO INTERNACIONAL ESTÁNDAR DEL LIBRO
Número Internacional Estándar del Libro 84-7214-065-2
245 00 - MENCIÓN DEL TÍTULO
Título Oceanografía /
Mención de responsabilidad, etc. introducción de J. Robert Moore ; versión de Carlos Martín Escorza, Alfonso González Ubanell, Juan Diego Pérez González.
250 ## - MENCION DE EDICION
Mención de edición 1ª. ed. reimp.
260 ## - PUBLICACIÓN, DISTRIBUCIÓN, ETC.
Lugar de publicación, distribución, etc. Madrid :
Nombre del editor, distribuidor, etc. H. Blume,
Fecha de publicación, distribución, etc. 1978.
300 ## - DESCRIPCIÓN FÍSICA
Extensión 475 p., 3 lám. :
Otras características físicas il. col. y n. ;
Dimensiones 28 cm.
490 1# - MENCIÓN DE SERIE
Mención de serie Biblioteca Scientific American
504 ## - NOTA DE BIBLIOGRAFÍA, ETC.
Nota de bibliografía, etc. Bibliografía: p. [465]-467.
650 00 - PUNTO DE ACCESO ADICIONAL DE MATERIA--TÉRMINO DE MATERIA
Término de materia o nombre geográfico como elemento de entrada Oceanografía.
9 (RLIN) 15678
700 1# - ENTRADA AGREGADA--NOMBRE PERSONAL
Nombre de persona Moore, J. Robert.
9 (RLIN) 82817
700 1# - ENTRADA AGREGADA--NOMBRE PERSONAL
Nombre de persona Martín Escorza, Carlos.
9 (RLIN) 77482
700 1# - ENTRADA AGREGADA--NOMBRE PERSONAL
Nombre de persona González Ubanell, Alfonso.
9 (RLIN) 58992
700 1# - ENTRADA AGREGADA--NOMBRE PERSONAL
Nombre de persona Pérez González, Juan Diego.
9 (RLIN) 90912
710 2# - ENTRADA AGREGADA--NOMBRE DE ENTIDAD CORPORATIVA
Nombre de entidad corporativa o nombre de jurisdicción como elemento de entrada Scientific American.
9 (RLIN) 6515
830 1# - PUNTO DE ACCESO ADICIONAL DE SERIE-TÍTULO UNIFORME
Título uniforme Biblioteca Scientific American
9 (RLIN) 185613
852 ## - LOCALIZACIÓN
Ubicación ES-MaACL
Número de control de estantería A-9399
Holdings
Estatus retirado Estado de pérdida Estado de daño No para préstamo Biblioteca de origen Biblioteca actual Ubicación en estantería Fecha de adquisición Fuente de adquisición Total de préstamos Signatura topográfica completa Código de barras Visto por última vez Precio de reemplazo Tipo de ítem Koha
        Biblioteca del Ateneo de Madrid Biblioteca del Ateneo de Madrid Depósito 1 17/01/2008     A-9399 1114968 23/02/2023 23/02/2023 Libro impreso